Democracia y sociología: reflexiones en torno a las posibilidades del quehacer sociológico en la sociedad costarricense /

שמור ב:
מידע ביבליוגרפי
מחבר ראשי: Chinchila, José Carlos
מחברים אחרים: Pichardo Muñiz, Arlette
פורמט: Texto
יצא לאור: Heredia: UNA
תגים: הוספת תג
אין תגיות, היה/י הראשונ/ה לתייג את הרשומה!

MARC

LEADER 00000 a a2200000 04500
001 23952
003
040
090 |a 169300  
100 |a Chinchila, José Carlos  
245 |a Democracia y sociología: reflexiones en torno a las posibilidades del quehacer sociológico en la sociedad costarricense /  |c José Carlos Chinchila 
260 |a Heredia:   |b UNA  
300 |a 15 p.  
700 |a Pichardo Muñiz, Arlette  
999 |c 11646  |d 11646